Management Accountingfor Business Decisions (Record no. 9410)

MARC details
000 -LEADER
fixed length control field 00608nam a22002177a 4500
003 - CONTROL NUMBER IDENTIFIER
control field OSt
005 - DATE AND TIME OF LATEST TRANSACTION
control field 20240925163333.0
008 - FIXED-LENGTH DATA ELEMENTS--GENERAL INFORMATION
fixed length control field 240925b |||||||| |||| 00| 0 eng d
020 ## - INTERNATIONAL STANDARD BOOK NUMBER
International Standard Book Number 9780077126728
040 ## - CATALOGING SOURCE
Transcribing agency DDC
082 ## - DEWEY DECIMAL CLASSIFICATION NUMBER
Classification number 658 ATR 2012
100 ## - MAIN ENTRY--PERSONAL NAME
Personal name Atrill, Peter; Seal, Will
9 (RLIN) 19214
245 ## - TITLE STATEMENT
Title Management Accountingfor Business Decisions
250 ## - EDITION STATEMENT
Edition statement 6th ed.
260 ## - PUBLICATION, DISTRIBUTION, ETC. (IMPRINT)
Place of publication, distribution, etc. England;
Name of publisher, distributor, etc. Pearson,
Date of publication, distribution, etc. 2012
300 ## - PHYSICAL DESCRIPTION
Extent xxiii,536p; Col.ill: 23.5cm
504 ## - BIBLIOGRAPHY, ETC. NOTE
Bibliography, etc Appendices & index included
650 ## - SUBJECT ADDED ENTRY--TOPICAL TERM
Topical term or geographic name as entry element Management accounting
9 (RLIN) 5280
650 ## - SUBJECT ADDED ENTRY--TOPICAL TERM
Topical term or geographic name as entry element Business decisions
9 (RLIN) 19215
942 ## - ADDED ENTRY ELEMENTS (KOHA)
Source of classification or shelving scheme Dewey Decimal Classification
Koha item type Open Shelf
Holdings
Withdrawn status Lost status Source of classification or shelving scheme Damaged status Not for loan Home library Current library Date acquired Source of acquisition Inventory number Total Checkouts Full call number Barcode Date last seen Koha item type
    Dewey Decimal Classification     MUST Main Library MUST Main Library 25/09/2024 purchase 24/42256   658 ATR 2012 2024-22408 25/09/2024 Open Shelf
    Dewey Decimal Classification     MUST Main Library MUST Main Library 25/09/2024 purchase 24/42257   658 ATR 2012 2024-22409 25/09/2024 Open Shelf
    Dewey Decimal Classification     MUST Main Library MUST Main Library 25/09/2024 purchase 24/42258   658 ATR 2012 2024-22410 25/09/2024 Open Shelf